Statistiques concernant Pays ayant le plus de frontières

Cliquez ici pour prendre le quiz!

Statistiques générales

  • Ce quiz a été pris 145 fois
  • Le résultat moyen est 8 sur 11

Statistiques - réponses

#Pays% Correct
14Chine
97%
8France
97%
14Russie
97%
9Allemagne
90%
10Brésil
86%
9République démocratique du Congo
79%
8Autriche
66%
8Serbie
49%
8Turquie
46%
8Tanzanie
25%
8Zambie
18%

Distribution des résultats

Percentile par nombre de réponses

% des personnes avec chaque résultat

Votre développement - résultats

Vous n’avez pas pris ce quiz